000 01868cam a22004574i 4500
003 PE-LiUPU
005 20250731173005.0
008 150623s r 000 0 d
020 _a080102174X
035 _a(Sirsi) i9780801021749
040 _aPE-LiUPU
_bspa
_cPE-LiUPU
_erda
049 _aPRUA
082 0 4 _a222.1061
_bA37
_221
100 1 _aAlexander, T. Desmond,
_eautor.
245 1 0 _aFrom paradise to the promised land: an introduction to the main themes of the Pentateuch /
_cT. desmond alexander.
264 1 _aGrand Rapids, Michigan :
_bBaker Books,
_c1998.
300 _a227 páginas :
_bilustraciones diagrs, mapas ;
_c23 centímetros
336 _atext
_2rdacontent
337 _aunmediated
_2rdamedia
338 _avolume
_2rdacarrier
504 _aIncluye bibliografía.
505 0 _aA Brief Survey of the Pntateuch.- The Royal Lineage in Genesis.- Paradise Lost.- The Blessing of the Nations.- By Faith Abraham.- Who is the Lord?.- The Passover.- The Convenant at Sinai.- The Tabernacle.- Be Holy.- The Sacrificial System.- The Clean and the Unclean Foods.- Towards the Promised Land.- Murmurings.- Love and Loyalty.- Why Isreal?.
526 _aSEG42
526 _aSEG41
526 _aSEG40
526 _aSEG39
526 _aP94
526 _aP87
526 _aP86
526 _aP85
526 _aP77
526 _aP76
526 _aP35
630 _aBiblia.
_pA.T.
_xCrítica, interpretación, etc.
942 _2ddc
_cBOOK
949 _a222.1061 A37
_wDEWEY
_c1
_i45660
_lCCODEBUL1
_mBUL
_r0
_sY
_tBOOK
_u2015-6-24
_xTEOLOGIA
_PP35
_0COMPRA
_o.STAFF. Colección General
994 _aC0
_bPEPRU
596 _a1
999 _a222.1061 A37
_wDEWEY
_c22536
_i45660
_f2021-11-9
_g5
_lCCODEBUL1
_mBUL
_r0
_sY
_tBOOK
_u2015-6-24
_xTEOLOGIA
_PP35
_0COMPRA
_o.STAFF. Colección General
_d22536
980 _81
_gALBERTO SANCHEZ Responsable de Automatización